[Event "11th Condom Open A"]
[Site "Condom FRA"]
[Date "2012.07.18"]
[Round "6.3"]
[White "Marholev,D"]
[Black "Anton,T"]
[Result "1/2-1/2"]
[WhiteElo "2356"]
[BlackElo "2423"]

1.Nf3 Nf6 2.c4 c5 3.g3 b6 4.Bg2 Bb7 5.O-O e6 6.Re1 Be7 7.Nc3 Ne4 8.Nxe4 Bxe4
9.d3 Bb7 10.e4 Nc6 11.d4 cxd4 12.Nxd4 Nxd4 13.Qxd4 O-O 14.Bf4 d6 15.e5 Bxg2
16.Kxg2 dxe5 17.Bxe5 Qxd4 18.Bxd4 Rfd8 19.Rad1 Bb4 20.Rf1 Rac8 21.b3 f6 22.f4 b5
23.Bxa7 Rxd1 24.Rxd1 bxc4 25.Rd4 Ra8 26.Rxc4 Rxa7 27.Rxb4 Rxa2+ 28.Kh3 f5
29.Rb7 h6 30.b4 Rb2 31.Re7 Re2 32.b5 Kf8 33.Rb7 Rb2 34.g4 Rb3+ 35.Kh4 Rf3
36.b6 Kg8 37.Re7 Kh7 38.b7 Rb3 39.Rxe6 fxg4 40.Re7 Kg6 41.Kxg4 Kf6 42.Rc7 g6
43.Rh7 h5+ 44.Kh4 Kf5 45.Rf7+ Ke6 46.Rf8 Rxb7 47.Kg5 Rb2 48.Rf6+ Ke7 49.Rxg6 Rxh2
50.Rg7+ Kf8 51.Rh7 Ra2 52.f5 Ra6 53.Kxh5 Rb6 54.Kg5 Ra6 55.f6 Ra1 56.Kf5  1/2-1/2

[Event "23rd Czech Open A"]
[Site "Pardubice CZE"]
[Date "2012.07.24"]
[Round "5.45"]
[White "Maeurer,C"]
[Black "Aguettaz,M"]
[Result "1/2-1/2"]
[WhiteElo "2266"]
[BlackElo "2420"]

1.Nf3 Nf6 2.c4 b6 3.g3 Bb7 4.Bg2 e6 5.O-O c5 6.Nc3 Be7 7.d4 cxd4 8.Qxd4 Nc6
9.Qf4 O-O 10.Rd1 Qb8 11.Qxb8 Raxb8 12.Bf4 Rbc8 13.Ne5 d6 14.Nxc6 Bxc6 15.Bxd6 Bxd6
16.Rxd6 Bxg2 17.Kxg2 Rxc4 18.Rad1 g5  1/2-1/2

[Event "23rd Czech Open A"]
[Site "Pardubice CZE"]
[Date "2012.07.24"]
[Round "5.47"]
[White "Kutynec,V"]
[Black "Ponizil,C"]
[Result "1-0"]
[WhiteElo "2262"]
[BlackElo "2396"]

1.c4 Nf6 2.Nf3 c5 3.g3 b6 4.Bg2 Bb7 5.O-O e6 6.Nc3 Be7 7.d4 cxd4 8.Qxd4 d6
9.Rd1 a6 10.Bg5 Nbd7 11.e4 Qc7 12.Rac1 Ne5 13.b3 Rc8 14.h3 Qc5 15.Qxc5 bxc5
16.Nxe5 dxe5 17.Rc2 Nd7 18.Be3 h6 19.f4 Bc6 20.Rcd2 Bf6 21.f5 Bg5 22.Bxg5 hxg5
23.fxe6 fxe6 24.Rd6 Ke7 25.Bf3 Rxh3 26.Rxe6+ Kxe6 27.Bg4+ Ke7 28.Bxh3 Rd8
29.Nd5+ Bxd5 30.Rxd5 Nf6 31.Rxe5+ Kf8 32.Bf5 Rd1+ 33.Kf2 Rd2+ 34.Ke3 Rxa2
35.Rxc5 Rb2 36.Rc8+ Ke7 37.Rc7+ Kd6 38.Rxg7 Nh5 39.Rxg5 Rxb3+ 40.Kd4 Nxg3
41.c5+ Kc6 42.Rg6+ Kb7 43.Rg7+ Kb8 44.c6 Ne2+ 45.Kc5 Rc3+ 46.Kb6 Rb3+ 47.Kxa6 Rc3
48.Rb7+ Ka8 49.c7  1-0

[Event "27th Avoine Open"]
[Site "Avoine FRA"]
[Date "2012.07.26"]
[Round "6.16"]
[White "Maleki,N"]
[Black "Dieu,B"]
[Result "1/2-1/2"]
[WhiteElo "2117"]
[BlackElo "2279"]

1.Nf3 Nf6 2.c4 c5 3.g3 b6 4.Bg2 Bb7 5.O-O e6 6.Nc3 d6 7.b3 Nbd7 8.Bb2 a6
9.e3 Be7 10.d4 O-O 11.Qe2 Qc7 12.Rfd1 Rfe8 13.Rac1  1/2-1/2

[Event "ch-AUT 2012"]
[Site "Zwettl AUT"]
[Date "2012.07.27"]
[Round "7.2"]
[White "Schachinger,M"]
[Black "Poetz,F"]
[Result "1/2-1/2"]
[WhiteElo "2382"]
[BlackElo "2415"]

1.Nf3 Nf6 2.g3 b6 3.Bg2 Bb7 4.O-O e6 5.c4 c5 6.Nc3 Be7 7.d4 cxd4 8.Qxd4 d6
9.Bg5 a6 10.Rfd1 Nbd7 11.Bxf6 Nxf6 12.Nd2 Bxg2 13.Kxg2 O-O 14.Nde4 Nxe4 15.Nxe4 Qc7
16.Rac1 Rfd8 17.Qe3 Rac8 18.b3 Qb8 19.a4 b5 20.cxb5 axb5 21.f3 bxa4 22.bxa4 d5
23.Nf2 Qa8 24.Rxc8 Rxc8 25.Ra1 Qa5 26.Ra2 Rb8 27.Qd2 Bb4 28.Qc2 h6 29.Nd3 Bc3
30.Ra3 Bf6 31.Ra2 Bc3 32.Ra3 Bf6 33.Ra2  1/2-1/2

[Event "PAB Romania Open 2012"]
[Site "Arad ROU"]
[Date "2012.07.29"]
[Round "3.8"]
[White "Cabrilo,G"]
[Black "Stegariu,V"]
[Result "0-1"]
[WhiteElo "2478"]
[BlackElo "2236"]

1.Nf3 Nf6 2.g3 b6 3.Bg2 Bb7 4.c4 c5 5.O-O e6 6.Nc3 Be7 7.b3 O-O 8.Bb2 a6
9.e3 d6 10.Qe2 Nbd7 11.Rfd1 Ne4 12.Nxe4 Bxe4 13.d4 Qc7 14.Ne1 Bxg2 15.Nxg2 Bf6
16.Nf4 g6 17.dxc5 Qxc5 18.Bxf6 Nxf6 19.Qf3 Kg7 20.Nd3 Qc7 21.Rac1 Rfd8 22.Rd2 Rac8
23.Kg2 a5 24.Rdd1 Qe7 25.e4 Nd7 26.Qe3 Nc5 27.f3 Qb7 28.Nf4 Kg8 29.h4 b5
30.h5 bxc4 31.Rxc4 Na6 32.Rxc8 Qxc8 33.Rc1 Qb7 34.Qc3 Qb4 35.Qf6 Rb8 36.h6 Qd2+
37.Kh3 Kf8 38.Nxe6+ Ke8 39.Ng5 Qxc1 40.Qxf7+ Kd8 41.Kg4 Qh1 42.Qg8+ Kc7 43.Qxh7+ Kc6
44.Qxg6 Nc5 45.Nf7 Qd1 46.h7 Nd7 47.Qg7 Re8 48.e5 Qd4+ 49.f4 Qd1+ 50.Kg5 Qf3
51.g4 Nc5 52.h8=Q Ne6+ 53.Kg6 Nxf4+ 54.Kh7 Qe4+ 55.Kh6 Rxh8+  0-1

[Event "PAB Romania Open 2012"]
[Site "Arad ROU"]
[Date "2012.07.29"]
[Round "4.4"]
[White "Szalai,K"]
[Black "Chirila,I"]
[Result "1/2-1/2"]
[WhiteElo "2413"]
[BlackElo "2504"]

1.Nf3 Nf6 2.c4 c5 3.g3 b6 4.Bg2 Bb7 5.O-O e6 6.Nc3 Be7 7.d4 cxd4 8.Qxd4 d6
9.b3 O-O 10.Rd1 Nbd7 11.Bb2 a6 12.Ng5 Bxg2 13.Kxg2 Qc7 14.Nge4 Rfd8 15.Kg1 Nc5
16.Nxf6+ Bxf6 17.Qg4 Be5 18.Qf3 f5 19.Rac1 Ne4 20.Na4 Bxb2 21.Nxb2 Qa7 22.Na4 b5
23.Nc3 Nxc3 24.Rxc3 Rac8 25.cxb5 Rxc3 26.Qxc3 axb5 27.Qc6 Qb8 28.Rd4 h6 29.Rb4 Qa8
30.Qxb5 Qxa2 31.Qc4 d5 32.Qc7 Ra8 33.Rb8+ Kh7 34.Rxa8 Qb1+ 35.Kg2 Qe4+ 36.Kg1 Qb1+
37.Kg2 Qe4+ 38.f3  1/2-1/2

[Event "21st Kavala Open A"]
[Site "Kavala GRE"]
[Date "2012.08.01"]
[Round "9"]
[White "Maghalashvili,Da"]
[Black "Sethuraman,S"]
[Result "0-1"]
[WhiteElo "2472"]
[BlackElo "2535"]

1.Nf3 Nf6 2.c4 b6 3.g3 Bb7 4.Bg2 c5 5.O-O e6 6.Nc3 a6 7.Re1 Be7 8.e4 d6 9.d4 cxd4
10.Nxd4 Qc7 11.Be3 Nbd7 12.f4 Rc8 13.Rc1 Qb8 14.Qe2 Qa8 15.Bf2 O-O 16.f5 e5
17.Nc2 b5 18.cxb5 axb5 19.Qxb5 Nc5 20.Bxc5 dxc5 21.Qa4 Qb8 22.Qc4 Rfd8 23.Nd5 Bxd5
24.exd5 Ne8 25.b3 Nd6 26.Qe2 c4 27.b4 Qa7+ 28.Qf2 Qxa2 29.Ra1 Qb3 30.Rab1 Qa4
31.Ra1 Qb5 32.Ra5 Qb8 33.Rxe5 Bf6 34.Re1 c3 35.Rc5 Qb7 36.Rc6 Nc4 37.g4 h6
38.Qf4 Qa7+ 39.Kh1 Qa2 40.Rxc8 Rxc8 41.Qe4 Na3 42.Nxa3 Qxa3 43.d6 c2 44.d7 c1=Q
45.g5 Qxe1+ 46.Qxe1 Rc1  0-1

[Event "Politiken Cup 2012"]
[Site "Helsingor DEN"]
[Date "2012.08.04"]
[Round "9.80"]
[White "Jensen,JohnK"]
[Black "Yildiz,H2"]
[Result "0-1"]
[WhiteElo "1874"]
[BlackElo "2029"]

1.c4 Nf6 2.Nf3 e6 3.g3 b6 4.Bg2 Bb7 5.O-O c5 6.Nc3 Be7 7.d3 O-O 8.Rb1 d6
9.a3 Nc6 10.Bf4 d5 11.cxd5 Nxd5 12.Nxd5 exd5 13.Qd2 h6 14.d4 c4 15.Rfd1 Qd7
16.Ne1 Bf6 17.Nc2 Rfe8 18.Be3 Be7 19.Bf4 Bf8 20.Re1 Na5 21.Rbd1 Nb3 22.Qc3 Rad8
23.Na1 Na5 24.Nc2 Qe6 25.f3 f5 26.Be5 Rd7 27.f4 Nc6 28.Ne3 b5 29.Bh3 g6 30.Nc2 a5
31.Qf3 b4 32.e4 dxe4 33.Rxe4 Nxe5  0-1

[Event "16th Izmailov Mem"]
[Site "Tomsk RUS"]
[Date "2012.08.07"]
[Round "1.23"]
[White "Sviridov,Va"]
[Black "Elsukov,V"]
[Result "1-0"]
[WhiteElo "2215"]
[BlackElo "1812"]

1.Nf3 Nf6 2.c4 c5 3.g3 b6 4.Bg2 Bb7 5.O-O e6 6.Nc3 Be7 7.d4 cxd4 8.Qxd4 Nc6
9.Qd2 O-O 10.b3 Qc7 11.Bb2 a6 12.Rac1 Rac8 13.Rfd1 Qb8 14.e4 d6 15.h3 Rfd8
16.Qe2 Rd7 17.Ne1 Bd8 18.f4 Bc7 19.Nd3 Rdd8 20.Kh2 h6 21.Qf2 Ne7 22.Bf3 d5
23.cxd5 exd5 24.e5 Ne4 25.Qe2 Qa8 26.Nf2 Nc5 27.Bg4 d4 28.Nce4 Rb8 29.Nxc5 bxc5
30.Rxc5 Bb6 31.Rc4 a5 32.Nd3 Ba6 33.Rcc1 Nd5 34.Bf3 Qa7 35.Bxd5 Rxd5 36.Qg4 Bc7
37.e6 Bxd3 38.exf7+ Kxf7 39.Rxd3 Bb6 40.Rc6 Qe7 41.Rd2 Ba7 42.Re2 Qd7 43.Qg6+ Kg8
44.Rce6 Bc5 45.f5 Rf8 46.f6 Rg5 47.Qd3 gxf6 48.Bc1 Re5 49.R6xe5 fxe5 50.Qc4+ Qf7
51.Qxc5 Qf1 52.Qc4+ Kg7 53.Rg2 Qe1 54.Bd2 Qe4 55.Qe2 Qd5 56.Qh5 Rf6 57.Bf4 Rc6
58.Re2  1-0

[Event "Miguel Najdorf Open A"]
[Site "Warsaw POL"]
[Date "2012.08.08"]
[Round "3.14"]
[White "Adamski,J"]
[Black "Zmarzly,A"]
[Result "1-0"]
[WhiteElo "2322"]
[BlackElo "2045"]

1.c4 Nf6 2.Nf3 c5 3.g3 b6 4.Bg2 Bb7 5.O-O e6 6.Nc3 Be7 7.d4 cxd4 8.Qxd4 d6
9.Bg5 a6 10.Bxf6 Bxf6 11.Qd3 Ra7 12.Rad1 Be7 13.Nd4 Bxg2 14.Kxg2 Qc8 15.f4 Nc6
16.Nxc6 Qxc6+ 17.Rf3 O-O 18.f5 Rd7 19.b3 Re8 20.fxe6 fxe6 21.Qe3 Bf8 22.Nd5 Rb7
23.Rdf1 h6 24.Nb4 Qc5 25.Qe4 Rbe7 26.Nc6 Rc7 27.Rxf8+ Rxf8 28.Qxe6+ Kh7 29.Qe4+ Kg8
30.Qe6+ Kh7 31.Rxf8 Qxc6+ 32.e4 Qc5 33.Qg8+ Kg6 34.Qe6+ Kh7 35.Qe8  1-0

[Event "16th HZ Open"]
[Site "Vlissingen NED"]
[Date "2012.08.09"]
[Round "7"]
[White "Hamblok,R"]
[Black "De Vleeschauwer,M"]
[Result "1-0"]
[WhiteElo "2239"]
[BlackElo "1996"]

1.Nf3 c5 2.g3 b6 3.Bg2 Bb7 4.O-O Nf6 5.c4 e6 6.Nc3 Be7 7.b3 d6 8.Bb2 Nbd7
9.d3 O-O 10.e4 a6 11.Qe2 Qc7 12.Nh4 Rad8 13.f4 Rfe8 14.Rae1 Nf8 15.Bf3 d5
16.exd5 exd5 17.Nf5 Bd6 18.Qg2 Rxe1 19.Rxe1 Qd7 20.Ne3 d4 21.Bxb7 dxe3 22.Rxe3 Ng4
23.Re2 Bxf4 24.gxf4 Qd4+ 25.Kh1 Qxf4 26.Nd5 Qg5 27.h3  1-0

[Event "Miguel Najdorf Open A"]
[Site "Warsaw POL"]
[Date "2012.08.09"]
[Round "4.7"]
[White "Piorun,K"]
[Black "Paprocki,J"]
[Result "1-0"]
[WhiteElo "2499"]
[BlackElo "2232"]

1.Nf3 Nf6 2.c4 b6 3.g3 e6 4.Bg2 Bb7 5.O-O c5 6.b3 Be7 7.Bb2 O-O 8.e3 Nc6
9.d3 d5 10.Qe2 dxc4 11.bxc4 Bd6 12.Nc3 Ne5 13.Nh4 Bxg2 14.Nxg2 Be7 15.Rfd1 Nc6
16.Nf4 Qc7 17.d4 cxd4 18.exd4 Na5 19.Rac1 Rac8 20.c5 Qb7 21.cxb6 Nc4 22.d5 Nxb2
23.Qxb2 Nxd5 24.Ncxd5 exd5 25.Nxd5 Bc5 26.Rb1 Rb8 27.Rd3 axb6 28.Rbd1 Rfe8
29.h4 Ra8 30.h5 Qb8 31.Nf4 Qe5 32.Qc2 h6 33.Rd7 Ra3 34.Kg2 Qf6 35.Qc4 Qf5
36.R1d5 Qf6 37.Rc7 Rc3 38.Qa4 Rd8 39.Qe4 Rf8 40.Rdd7 Bd4 41.Rxc3 Bxc3 42.Nd5 Qe5
43.Qxe5 Bxe5 44.Nxb6 Rb8 45.Nc4 Rb5 46.a4 Rc5 47.Ne3 Bc3 48.Rd5 Rc8 49.Rb5 Bd2
50.Rb2 Bxe3 51.fxe3 Ra8 52.Ra2 Ra5 53.Kf3 Kf8 54.Kf4 Ke7 55.g4 Ke6 56.Ke4 f5+
57.gxf5+ Rxf5 58.a5 Re5+ 59.Kd4 Rxh5 60.a6 Rd5+ 61.Kc4 Rd8 62.Kc5 Ke5 63.a7 Ra8
64.Kc6 Ke4 65.Kb7 Rxa7+ 66.Rxa7 g5 67.Kc6 h5 68.Re7+ Kf3 69.e4 g4 70.e5 g3
71.Rf7+ Kg2 72.e6 h4 73.e7 h3 74.e8=Q Kg1 75.Qe1+ Kh2 76.Rf1  1-0

[Event "XIII Miquel Mas Open"]
[Site "Figueres ESP"]
[Date "2012.08.12"]
[Round "5.3"]
[White "Martinez Duany,L"]
[Black "Aroshidze,L"]
[Result "1/2-1/2"]
[WhiteElo "2476"]
[BlackElo "2568"]

1.Nf3 c5 2.c4 Nf6 3.g3 b6 4.Bg2 Bb7 5.O-O e6 6.b3 Be7 7.Bb2 d6 8.d4 cxd4
9.Nxd4 Bxg2 10.Kxg2 Qc8 11.e3 a6 12.Nc3 Nc6 13.Nxc6 Qxc6+ 14.Qf3 Rc8  1/2-1/2

[Event "2nd Split Open 2012"]
[Site "Split CRO"]
[Date "2012.08.19"]
[Round "9.21"]
[White "Bratosevic,M"]
[Black "Zsinka,L"]
[Result "1-0"]
[WhiteElo "2190"]
[BlackElo "2291"]

1.c4 Nf6 2.g3 c5 3.Nf3 b6 4.Bg2 Bb7 5.O-O e6 6.b3 Be7 7.Bb2 d6 8.d4 cxd4
9.Qxd4 Nbd7 10.Nc3 a6 11.Rfe1 Qc7 12.e4 Rd8 13.h3 O-O 14.Rad1 Rfe8 15.Re2 Qb8
16.Kh2 Bc6 17.Ne1 b5 18.cxb5 axb5 19.Nc2 Ba8 20.Qb4 Nc5 21.Qxb5 Qxb5 22.Nxb5 Bxe4
23.Bxe4 Ncxe4 24.b4 d5 25.f3 Nd6 26.Nxd6 Bxd6 27.a4 Nd7 28.b5 Ra8 29.Ra1 Nc5
30.Ba3 Nb7 31.Bb4 Rec8 32.a5 Bxb4 33.a6 Rcb8 34.a7 Rc8 35.Nxb4 Rc5 36.Rc2 Rxb5
37.Rc8+ Rxc8 38.a8=Q Nd6 39.Qa6 Rxb4 40.Qxd6 Rb2+ 41.Kg1 h5 42.g4 Rcc2 43.Qg3 d4
44.Rd1 f6 45.f4 Kh7 46.Qd3+ f5 47.gxf5 Rg2+ 48.Kf1 Rgf2+ 49.Ke1 Rh2 50.fxe6+ g6
51.Qe4 d3 52.Rxd3  1-0

[Event "21st Feffernitz Open"]
[Site "Feffernitz AUT"]
[Date "2012.08.20"]
[Round "3.9"]
[White "Mitter,G"]
[Black "Mostoegl,Konrad"]
[Result "1/2-1/2"]
[WhiteElo "2217"]
[BlackElo "1940"]

1.Nf3 c5 2.g3 b6 3.Bg2 Bb7 4.O-O e6 5.c4 Nf6 6.Nc3 Be7 7.d4 cxd4 8.Nxd4 Bxg2
9.Kxg2 a6 10.e4 Qc7 11.Be3 d6 12.Rc1 O-O 13.f3 Nbd7 14.b3 Rfd8 15.Qe2 Rac8
16.Kg1 Ne5 17.Rfd1 Kh8 18.h3 Nc6 19.Qf2 Nxd4 20.Bxd4 Nd7 21.Kh2 Bf6 22.Be3 Rb8
23.Ne2 Bb2 24.Rc2 Ba3 25.Nd4 Nf6 26.Qd2 Bc5 27.Bg5 Bxd4 28.Qxd4 Qe7 29.Rcd2 h6
30.Bxf6 gxf6 31.Qb2 b5 32.cxb5 Rxb5 33.Qa3 Qa7 34.Rc2 Qb6 35.Qc1 Kg7 36.Kg2 d5
37.Rc6 Qa5 38.Qd2 Qa3 39.Qe2 Rd6 40.Rxd6 Qxd6 41.f4 Qc7 42.Rd2 dxe4 43.Qxe4 Rc5
44.Qf3 Rc2 45.Qg4+  1/2-1/2

[Event "12th World Uni Men"]
[Site "Guimaraes POR"]
[Date "2012.08.20"]
[Round "1.8"]
[White "Nakamura,N"]
[Black "Kurmann,O"]
[Result "1/2-1/2"]
[WhiteElo "2053"]
[BlackElo "2469"]

1.Nf3 Nf6 2.c4 c5 3.g3 b6 4.Bg2 Bb7 5.O-O e6 6.Nc3 Be7 7.d4 cxd4 8.Qxd4 d6
9.Bg5 a6 10.Bxf6 Bxf6 11.Qf4 Bxf3 12.Qxf3 Ra7 13.Rad1 O-O 14.Rd2 Be7 15.Rfd1 Rd7
16.b3 Qc7 17.Rd3 Rc8 18.a4 Qd8 19.Qf4 Bg5 20.Qg4 f5 21.Qh3 g6 22.e3 Bf6 23.Ne2 Qe7
24.Nf4 Kg7 25.e4 Be5 26.Ne2 Kh8 27.f4 Bf6 28.Bf3 Rc5 29.g4 fxe4 30.Bxe4 Kg8
31.g5 Bg7 32.Nd4 Bxd4+ 33.Rxd4 e5 34.Bd5+ Kg7 35.Re4 Kh8 36.Qg4 Nc6 37.Bxc6 Rxc6
38.fxe5 d5 39.Red4 Re6 40.Rxd5 Rxd5 41.Rxd5 Rxe5 42.Qd4 Qxg5+ 43.Kh1 Qc1+
44.Kg2 Qg5+ 45.Kf2 Qf6+ 46.Kg3 Rg5+ 47.Kh3 Rh5+ 48.Kg3 Rg5+ 49.Kh3  1/2-1/2

[Event "11th Lichtenberger Sommer 2012"]
[Site "Berlin GER"]
[Date "2012.08.22"]
[Round "5.6"]
[White "Schneider,Ch1"]
[Black "Bruedigam,M"]
[Result "1/2-1/2"]
[WhiteElo "2234"]
[BlackElo "2292"]

1.c4 Nf6 2.Nf3 e6 3.g3 b6 4.Bg2 Bb7 5.O-O c5 6.Nc3 Be7 7.d4 cxd4 8.Qxd4 O-O
9.Rd1 d5 10.Ne5 Na6 11.cxd5 Bc5 12.Qa4 Nxd5 13.Nxd5 exd5 14.Bf4 g5 15.Bd2 Nc7
16.Bc3 f6 17.Ng4 Qe7 18.Nh6+ Kh8 19.Nf5 Qe6 20.g4 Rf7 21.e3 h5 22.h3 hxg4
23.Qxg4 Nb5 24.Nh6 Re7 25.Qxe6 Rxe6 26.Bxd5 Bxd5 27.Rxd5 Nxc3 28.bxc3 Kh7
29.Nf5 Kg6 30.Rad1 Rae8 31.Ng3 Ba3 32.R1d3 Rc6 33.Ne2 a6  1/2-1/2

[Event "12th World Uni Men"]
[Site "Guimaraes POR"]
[Date "2012.08.22"]
[Round "6.8"]
[White "Jarvinen,R"]
[Black "Ariunbuuvei,B"]
[Result "1-0"]
[WhiteElo "2203"]
[BlackElo "1934"]

1.c4 Nf6 2.g3 e6 3.Nf3 b6 4.Bg2 Bb7 5.O-O c5 6.d3 d5 7.Ne5 Nbd7 8.Qa4 Bd6
9.Bf4 Qc7 10.Nxd7 Nxd7 11.cxd5 exd5 12.Nc3 Bxf4 13.Nxd5 Bxd5 14.Bxd5 Rd8
15.Qxf4 Qxf4 16.gxf4 Ne5 17.Be4 Ng6 18.e3 Ke7 19.Rfc1 Rd6 20.a3 Nh4 21.Rc3 Rhd8
22.Rd1 f5 23.Bh1 a5 24.Kf1 Ng6 25.Ke2 Re6 26.Kd2 Nf8 27.Rg1 Kf7 28.h3 Rh6
29.Rg3 Rhd6 30.Bf3 Ne6 31.Be2 a4 32.Rg1 Ra8 33.Rb1 Ra7 34.Kc2 b5 35.b4 axb3+
36.Rcxb3 Rda6 37.Rxb5 Rxa3 38.Rb7+ Kf6 39.R7b6 R7a6 40.Bf3 Ra2+ 41.R1b2 Rxb6
42.Rxa2 Rd6 43.Ra7 h6 44.h4 g5 45.fxg5+ hxg5 46.hxg5+ Kxg5 47.Kc3 Kf6 48.Bg2 f4
49.Ra5 fxe3 50.fxe3 Rd7 51.Ra6 Ke5 52.Rxe6+  1-0

[Event "11th Lichtenberger Sommer 2012"]
[Site "Berlin GER"]
[Date "2012.08.23"]
[Round "6.28"]
[White "Fischer,Daniel2"]
[Black "Gelemerov,Yane"]
[Result "1-0"]
[WhiteElo "2114"]
[BlackElo "2033"]

1.Nf3 Nf6 2.c4 e6 3.g3 b6 4.Bg2 Bb7 5.O-O c5 6.b3 Be7 7.Bb2 O-O 8.Nc3 d6
9.e3 Nbd7 10.Qe2 Re8 11.d3 a6 12.Rfd1 Qc7 13.Ne1 Rad8 14.f4 Bxg2 15.Nxg2 d5
16.g4 Nb8 17.g5 Nfd7 18.h4 Nf8 19.Rf1 Nc6 20.f5 d4 21.Ne4 exf5 22.Rxf5 Rd7
23.Nf4 Ne6 24.Rxf7 Nxf4 25.Rxf4 Bd6 26.Qh5 Rde7 27.g6 hxg6 28.Qd5+ Re6 29.Ng5 Bxf4
30.Nxe6 Bxe3+ 31.Kg2 Qf7 32.Nc7 Re5 33.Qxf7+ Kxf7 34.Nd5 Bh6 35.Rf1+ Ke6
36.Nxb6 Nb4 37.Na4 Nxd3 38.Ba3 a5 39.Rf3 Nb4 40.Bxb4 axb4 41.Nb2 Rf5 42.Nd3 Kd6
43.Kg3 Be3 44.Kg4 Rf6 45.Kg3 g5 46.Rxf6+ gxf6 47.h5 Ke6 48.Nxc5+ Kf5 49.Nd3 g4
50.c5 Ke6 51.Kxg4  1-0

[Event "ch-FRA w 2012"]
[Site "Pau FRA"]
[Date "2012.08.23"]
[Round "9"]
[White "Bollengier,Andreea"]
[Black "Milliet,S"]
[Result "1/2-1/2"]
[WhiteElo "2253"]
[BlackElo "2411"]

1.Nf3 Nf6 2.c4 c5 3.g3 b6 4.Bg2 Bb7 5.O-O e6 6.Nc3 Be7 7.d4 cxd4 8.Qxd4 d6
9.Rd1 a6 10.b3 Nbd7 11.e4 Qc8 12.Bb2 O-O 13.Rac1 Re8 14.h3 Qc7 15.Re1 Rac8
16.Qd2 Qb8 17.Nd4 Bf8 18.Kh2 Qa8 19.Bh1 Nc5 20.f3 Qb8 21.Rcd1 Red8 22.Qf2 b5
23.cxb5 axb5 24.b4 Na4 25.Nxa4 bxa4 26.a3 Ba6 27.Bg2 Qb6 28.Rd2 Rd7 29.Bf1 Bxf1
30.Qxf1 Rdc7 31.Qb5 Qa7 32.Qd3 Rc4 33.Ree2 Qb7 34.Rc2 d5 35.Rxc4 Rxc4 36.e5 Nd7
37.f4 g6 38.Nc2 Rc8 39.Bd4 Be7 40.Ne3 Bd8 41.Rc2 Bb6 42.Kg2 Rxc2+ 43.Nxc2 h5
44.Kf3 Kf8 45.Qb5 Qc7 46.Bxb6 Qxc2 47.Qxd7 Qd3+ 48.Kf2 Qd2+ 49.Kf1 Qd3+ 50.Kf2 Qd2+
51.Kg1 Qe1+ 52.Kg2 Qe4+ 53.Kf1 Qd3+ 54.Kg2 Qe4+ 55.Kg1 Qe1+ 56.Kg2 Qe3  1/2-1/2

[Event "14th Sants Open A"]
[Site "Barcelona ESP"]
[Date "2012.08.25"]
[Round "9.17"]
[White "Valdes,Le"]
[Black "Blomqvist,E"]
[Result "1-0"]
[WhiteElo "2366"]
[BlackElo "2454"]

1.Nf3 c5 2.c4 Nf6 3.g3 b6 4.Bg2 Bb7 5.O-O e6 6.Nc3 Be7 7.b3 O-O 8.d4 cxd4
9.Qxd4 d6 10.Rd1 Nbd7 11.e4 Qc8 12.Qe3 a6 13.Bb2 Re8 14.Re1 Qc7 15.Re2 Rac8
16.Rd1 Qb8 17.Qd2 b5 18.cxb5 axb5 19.a3 Ba6 20.b4 Nb6 21.Ba1 Red8 22.Nd4 Nfd7
23.Qa2 Bf6 24.Ree1 Na4 25.Nxa4 bxa4 26.f4 h6 27.Kh1 Qb6 28.Qb1 Rc7 29.Rd2 Rdc8
30.Qd1 Bc4 31.Bb2 Qa7 32.Qg4 Qa6 33.Red1 Kf8 34.h4 Qa7 35.Qh5 Qa6 36.Qg4 Qa7
37.Kh2 Qa6 38.Qh5 Qa7 39.e5 dxe5 40.Nc6  1-0

[Event "5th Sabadell Open A"]
[Site "Sabadell ESP"]
[Date "2012.09.01"]
[Round "3.6"]
[White "Vidarte Morales,A"]
[Black "Rojas Keim,L"]
[Result "1-0"]
[WhiteElo "2353"]
[BlackElo "2426"]

1.Nf3 Nf6 2.c4 c5 3.g3 b6 4.Bg2 Bb7 5.O-O e6 6.Nc3 d6 7.Re1 a6 8.e4 Nbd7
9.d4 cxd4 10.Nxd4 Qc7 11.b3 Be7 12.Nd5 exd5 13.exd5 g6 14.Bb2 Ne5 15.f4 O-O-O
16.fxe5 dxe5 17.Nc6 Bxc6 18.Bxe5 Qa7 19.Qf3 Bc5+ 20.Kh1 Nxd5 21.Bxh8 Nb4
22.Qg4+ f5 23.Qe2 Rxh8 24.a3 Bxg2+ 25.Kxg2 Qb7+ 26.Kh3 Nc6 27.b4 Bd4 28.Qe6+ Qd7
29.Rad1 Rd8 30.b5 axb5 31.cxb5 Qxe6 32.Rxe6 Na5 33.Re7 h5 34.Re6 g5 35.Rh6 h4
36.gxh4 g4+ 37.Kg2 Nb3 38.Rc6+ Kb7 39.Rc4 Ra8 40.a4 Re8 41.Rcxd4 Nxd4 42.Rxd4 Re2+
43.Kg3 Re3+ 44.Kf4 Rh3 45.Kxf5 Rxh4 46.Rd2 g3 47.hxg3 Rxa4 48.g4 Ra1 49.Rd5 Rf1+
50.Ke6 Rg1 51.g5 Kc7 52.Kf6 Rf1+ 53.Kg7  1-0

[Event "11th Istanbul Open A"]
[Site "Istanbul TUR"]
[Date "2012.09.06"]
[Round "7"]
[White "Bruno,Fabi"]
[Black "Firman,N"]
[Result "0-1"]
[WhiteElo "2431"]
[BlackElo "2535"]

1.Nf3 Nf6 2.c4 e6 3.g3 b6 4.Bg2 Bb7 5.O-O c5 6.Nc3 Be7 7.b3 O-O 8.Bb2 Re8
9.d4 Na6 10.d5 exd5 11.cxd5 d6 12.Nd2 Nc7 13.Nc4 Ba6 14.a4 Nd7 15.Qc2 Bxc4
16.bxc4 Bf6 17.Nb5 Bxb2 18.Qxb2 Ne5 19.Nxc7 Qxc7 20.Qc3 f5 21.Qc2 Qf7 22.Bh3 g6
23.f4 Nd7 24.e4 fxe4 25.Rae1 Nf6 26.g4 Qd7 27.Qg2 Qxa4 28.g5 Nh5 29.Rxe4 Rxe4
30.Qxe4 Ng7 31.Be6+ Kh8 32.f5 gxf5 33.Bxf5 Rf8 34.Bh3 Rxf1+ 35.Bxf1 Qe8 36.Qf4 Qe7
37.Bd3 a5 38.Bc2 Kg8 39.Kf2 Ne8 40.h4 Qe5 41.Kf3 Qc3+ 42.Qe3 Qxe3+ 43.Kxe3 b5
44.cxb5 Nc7 45.Kd2 Nxb5 46.h5 Nd4 47.Bd1 Kg7 48.Kd3 h6 49.g6 Nf5 50.Bg4 Ne7
51.Kc4 a4 52.Bf3 Nxg6 53.hxg6 Kxg6 54.Kc3 Kf5 55.Bd1 a3 56.Kb3 Ke4 57.Kxa3 Kxd5
58.Kb3 c4+ 59.Kc3 Kc5 60.Bh5 d5 61.Bf7 d4+ 62.Kd2 Kb4 63.Kc2 Kb5 64.Kd2 Kc5
65.Kc2 Kb4 66.Bg6 Kc5 67.Bf7 Kb5 68.Kd2 Kb4 69.Kc2 d3+ 70.Kd2 Kb3 71.Be8 Kb2
72.Bg6 c3+  0-1

[Event "14th Trieste Open A"]
[Site "Trieste ITA"]
[Date "2012.09.07"]
[Round "8"]
[White "David,Alb"]
[Black "Turov,M"]
[Result "1/2-1/2"]
[WhiteElo "2599"]
[BlackElo "2636"]

1.Nf3 Nf6 2.c4 e6 3.g3 b6 4.Bg2 Bb7 5.O-O c5 6.d4 cxd4 7.Qxd4 Be7 8.Nc3 d6
9.Bg5 a6 10.Bxf6 Bxf6 11.Qd3 Ra7 12.Rfd1 Be7 13.Ne4 Bxe4 14.Qxe4 O-O 15.Nd4 Qc8
16.b3 Rd8 17.Qb1 Qc5 18.a4 Rc7 19.Ra2 Bf6 20.e3 a5 21.Rad2 Na6 22.Qe4 Rcd7
23.Qg4 Nb4 24.h4 h5 25.Qe2 g6 26.Be4 Kg7 27.Bg2 Be7 28.Bh3 Kg8 29.Qf3 Qe5
30.Qe2 d5 31.Nb5 Bc5 32.Kf1 Kf8  1/2-1/2

[Event "FSIM Sept 2012"]
[Site "Budapest HUN"]
[Date "2012.09.09"]
[Round "9.6"]
[White "Nguyen Huynh Minh Huy"]
[Black "Sadilek,P"]
[Result "1-0"]
[WhiteElo "2435"]
[BlackElo "2262"]

1.Nf3 Nf6 2.c4 c5 3.g3 b6 4.Bg2 Bb7 5.O-O e6 6.Nc3 Be7 7.d4 cxd4 8.Qxd4 d6
9.Rd1 O-O 10.b3 Nbd7 11.e4 Qc8 12.Qe3 a6 13.Ba3 Nc5 14.Nd2 Re8 15.Rac1 Qb8
16.Qe2 Bf8 17.Qf1 Bc6 18.Bb2 b5 19.b4 Ncd7 20.cxb5 axb5 21.Nb3 Ne5 22.Na5 Bd7
23.Nb1 Rc8 24.a3 Ra7 25.Rxc8 Qxc8 26.f4 Ng6 27.h3 Rc7 28.Bf3 d5 29.e5 Rc2
30.Bd4 Ne4 31.Qe1 Ne7 32.Bxe4 dxe4 33.Qxe4 Nf5 34.Bf2 Be7 35.Qd3 Rc1 36.Rxc1 Qxc1+
37.Kg2 Be8 38.Nd2 Qd1 39.Qc3 Qe2 40.Nf1 Bd8 41.Qc8 Nd4 42.Nd2 Nf5 43.Qxd8  1-0

[Event "TCh-NED Meesterklasse 2012-13"]
[Site "Netherland NED"]
[Date "2012.09.15"]
[Round "1.8"]
[White "Tereick,B"]
[Black "Okkes,M"]
[Result "1-0"]
[WhiteElo "2393"]
[BlackElo "2375"]

1.Nf3 Nf6 2.g3 b6 3.Bg2 Bb7 4.O-O c5 5.c4 e6 6.Nc3 Be7 7.d4 cxd4 8.Qxd4 d6
9.Bg5 a6 10.Bxf6 Bxf6 11.Qf4 O-O 12.Rfd1 Be7 13.Ne4 Bxe4 14.Qxe4 Ra7 15.Rac1 Qc8
16.b3 Rc7 17.Qb1 Nd7 18.Nd4 Nf6 19.e3 Rd8 20.a4 d5 21.cxd5 Nxd5 22.Rxc7 Nxc7
23.Rc1 Ba3 24.Rc4 Qd7 25.Bc6 Qd6 26.Be4 f5 27.Rc6 Qe7 28.Qc2 Rd7 29.Bd3 Bc5
30.Nxe6 Nxe6 31.Bc4 Rd6 32.Rxd6 Qxd6 33.Qxf5 g6 34.Qf6  1-0

[Event "TCh-SRB Prem 2012"]
[Site "Valjevo SRB"]
[Date "2012.09.20"]
[Round "4.5"]
[White "Cabrilo,G"]
[Black "Radlovacki,J"]
[Result "1/2-1/2"]
[WhiteElo "2464"]
[BlackElo "2408"]

1.c4 c5 2.Nf3 Nf6 3.g3 b6 4.Bg2 Bb7 5.O-O e6 6.Nc3 Be7 7.b3 O-O 8.Bb2 d6
9.e3 a6 10.Qe2 Qc7 11.Rfd1 Nbd7 12.Rac1 Rad8 13.d4 Rfe8 14.Ne1 cxd4 15.exd4 Bxg2
16.Nxg2 Qb7 17.Ne3 Bf8 18.d5  1/2-1/2

[Event "Vladivostok Russian Cup 2012"]
[Site "Vladivostok RUS"]
[Date "2012.09.21"]
[Round "5.16"]
[White "Gritsenko,An"]
[Black "Vilchenko,M"]
[Result "1-0"]
[WhiteElo "2422"]
[BlackElo "2248"]

1.Nf3 c5 2.g3 b6 3.Bg2 Bb7 4.c4 Nf6 5.O-O e6 6.Nc3 Be7 7.Re1 d6 8.e4 a6 9.d4 cxd4
10.Nxd4 Qc7 11.Be3 Nbd7 12.Rc1 Rc8 13.f4 Qb8 14.Nd5 Bd8 15.Nxf6+ Bxf6 16.g4 h6
17.Bf2 O-O 18.h4 Bxd4 19.Bxd4 e5 20.Be3 exf4 21.Bxf4 Ne5 22.g5 hxg5 23.hxg5 g6
24.Rc3 Kg7 25.Qd4 Qc7 26.Qf2 Rh8 27.Be3 Qe7 28.Rf1 Rxc4 29.Rxc4 Nxc4 30.Bd4+ Ne5
31.Qf6+ Qxf6 32.Rxf6 Rh5 33.Bxe5 dxe5 34.Rxb6 Bc8 35.Rc6 Rh8 36.Kf2 Rd8 37.Ke3 Bb7
38.Rb6 Rd7 39.Bf1 a5 40.b3 Rc7 41.Bc4 a4 42.Bd5 axb3 43.axb3 Bc8 44.Kd3 Kf8
45.b4 Bd7 46.Rb8+ Ke7 47.b5 Be6 48.Bxe6 fxe6 49.b6 Rd7+ 50.Kc4 Rd4+ 51.Kc5 Rd1
52.Rb7+ Kd8 53.Rg7 Kc8 54.Rxg6 Rd4 55.Rxe6 Rxe4 56.Kd5 Rg4 57.g6 e4 58.Kc6 Kd8
59.b7  1-0